Addison Rae - Statistics

General Stats
  • This quiz has been taken 14 times
  • The average score is 7 of 10
Answer Stats
Answer % Correct
Fame is a Gun
100%
Diet Pepsi
92%
Headphones On
85%
High Fashion
85%
New York
77%
Obsessed
77%
Aquamarine
69%
2 Die 4
62%
Times Like These
54%
Von dutch
46%
No matching quizzes found
Score Distribution
Percent of People with Each Score
Percentile by Number Answered
Your Score History
You have not taken this quiz